| 000 | 00712nam a22002417a 4500 | ||
|---|---|---|---|
| 999 |
_c6444 _d6444 |
||
| 001 | 3676 | ||
| 003 | BD-DhUAP | ||
| 005 | 20201231121445.0 | ||
| 008 | 201231r19981993bg ||||| |||| 001 0 eng d | ||
| 020 | _a0706996860 | ||
| 040 |
_aBD-DhUAP _bEng _cBD-DhUAP _dBD-DhUAP |
||
| 082 |
_223 _a823.8 STE |
||
| 100 | _aStevenson, Robert Louis. | ||
| 245 |
_aTreasure Island / _cRobert Louis Stevenson. |
||
| 250 | _arev. ed. | ||
| 260 |
_aNew Delhi : _bVikas, _cc1993 [Reprinted 1998]. |
||
| 300 |
_avii, 110 pages : _billustrations ; _c23 cm. |
||
| 490 | _aMadhuban Supplementary readers. | ||
| 650 | _aPirates. | ||
| 650 | _aAdventure stories. | ||
| 650 | _aTreasure Island (Imaginary place). | ||
| 942 |
_2ddc _cBK |
||